| 000 | 00651cam a22002051i 4500 | ||
|---|---|---|---|
| 001 | sa 68018961 | ||
| 003 | DLC | ||
| 005 | 20260227112715.0 | ||
| 008 | 830702s1954 io ab 000 0 ind | ||
| 010 | _asa 68018961 | ||
| 035 | _a(OCoLC)9666374 | ||
| 040 |
_aDLC _cOAU _dDLC |
||
| 042 | _apremarc | ||
| 050 | 0 | 0 |
_aJQ778 _b.S6 |
| 100 | 1 | _aSoedjono, R. M. T. | |
| 245 | 1 | 0 |
_aTjara penglaksanaan memilih perwakilan rakjat : _bKonstituante dan Parlemen oleh rakjat / _cdiuraikan dengan tjara populer oleh R. M. T. Soedjono. |
| 260 |
_a[Djakarta] : _bDjambatan, _c[1954] |
||
| 300 |
_ax, 69 p. : _bill., map. ; _c20 cm. |
||
| 650 | 0 |
_aElections _zIndonesia. |
|
| 999 |
_c88743 _d88743 |
||